[Event "Ch England (team) 1996/97"]
[Site "masterchessopen.com England"]
[Round "2"]
[White "Ferguson Mark (ENG)"]
[Black "Crombleholme Alan (ENG)"]
[Result "1-0"]
[WhiteElo "2385"]
[BlackElo "2104"]

1.e4 c5 2.Nf3 d6 3.d4 cxd4 4.Nxd4 Nf6 5.Nc3 Nc6 6.Bg5 e6 7.Qd2 a6 8.O-O-O Bd7
9.f4 h6 10.Bh4 Nxe4 11.Qe1 Nf6 12.Nf5 Qa5 13.Nxd6+ Bxd6 14.Rxd6 O-O-O 15.Be2
Qc5 16.Qd2 Kc7 17.Rd3 Nb4 18.Rd4 Bc6 19.Bf2 Rxd4 20.Bxd4 Qf5 21.Nb5+ axb5
22.Be5+ Kb6 23.Qd4+ Ka6 24.Qxb4 Qe4 25.Qa3+ Kb6 26.Bf3 Qa4 27.Qe3+ Ka6 28.Bc7
Nd7 29.Bxc6 bxc6 30.Rd1 {#r} 1-0

[Event "It (open) (active)"]
[Site "masterchessopen.com Frankfurt (Germany)"]
[Round "0"]
[White "Schlosser Philipp (GER)"]
[Black "Dreev Alexey (RUS)"]
[Result "1-0"]
[WhiteElo "2560"]
[BlackElo "2645"]

1.e4 c5 2.Nf3 Nc6 3.d4 cxd4 4.Nxd4 Nf6 5.Nc3 d6 6.Bg5 e6 7.Qd2 a6 8.O-O-O Bd7
9.f4 b5 10.Bxf6 gxf6 11.Nxc6 Bxc6 12.Bd3 b4 13.Ne2 Qb6 14.Ng3 h5 15.Qe2 Qc5
16.Kb1 h4 17.Nf1 a5 18.f5 e5 19.Bc4 Bh6 20.Nd2 a4 21.Nf3 Kf8 22.Rhe1 Bg7
23.Qd3 Rd8 24.Re2 Ra8 25.b3 {#r} 1-0

[Event "It (open)"]
[Site "masterchessopen.com Geneva (Switzerland)"]
[Round "1"]
[White "Gallagher Joseph G (SUI)"]
[Black "Grosar Kiti (SLO)"]
[Result "1-0"]
[WhiteElo "2530"]
[BlackElo "2195"]

1.e4 c5 2.Nf3 d6 3.d4 cxd4 4.Nxd4 Nf6 5.Nc3 Nc6 6.Bg5 e6 7.Qd2 a6 8.O-O-O Bd7
9.f4 b5 10.Bxf6 gxf6 11.Kb1 b4 12.Nce2 Qb6 13.f5 e5 14.Nf3 Na7 15.Ng3 Rc8
16.Nh5 Be7 17.Qh6 Qc6 18.Bd3 Nb5 19.Nxf6+ Bxf6 20.Qxf6 O-O 21.h4 Na3+ 22.bxa3
bxa3 23.Rh3 Qb6+ 24.Kc1 Qe3+ 25.Nd2 {#r} 1-0

[Event "Bundesliga 1995/96"]
[Site "masterchessopen.com Germany"]
[Round "0"]
[White "Enders Peter (GER)"]
[Black "Andresen Steffen (GER)"]
[Result "1-0"]
[WhiteElo "2500"]
[BlackElo "2345"]

1.e4 c5 2.Nf3 Nc6 3.d4 cxd4 4.Nxd4 Nf6 5.Nc3 d6 6.Bg5 e6 7.Qd2 a6 8.O-O-O Bd7
9.f4 h6 10.Bh4 g5 11.fxg5 Ng4 12.g3 Nxd4 13.g6 f6 14.Qxd4 h5 15.Be2 Ne5
16.Rhf1 Bg7 17.Qxd6 Qe7 18.Qxe5 {#r} 1-0

[Event "Bundesliga 1996/97"]
[Site "masterchessopen.com Germany"]
[Round "0"]
[White "Mueller Matthias-Michael (GER)"]
[Black "Borik Otto (GER)"]
[Result "0-1"]
[WhiteElo "2385"]
[BlackElo "2410"]

1.e4 c5 2.Nf3 Nc6 3.d4 cxd4 4.Nxd4 Nf6 5.Nc3 d6 6.Bg5 e6 7.Qd2 a6 8.O-O-O Bd7
9.f4 h6 10.Bh4 g5 11.fxg5 Ng4 12.g3 hxg5 13.Bxg5 f6 14.Nxc6 bxc6 15.Qe2 e5
16.Bd2 Qb6 17.Bg2 Nf2 18.Be3 Qxe3+ 19.Qxe3 Bh6 20.Qxh6 Rxh6 21.Rd2 Nxh1
22.Bxh1 Ke7 23.Bf3 Rh3 {#R} 0-1

[Event "It (open)"]
[Site "masterchessopen.com Graz (Austria)"]
[Round "0"]
[White "Chudinovskikh Alexander M (RUS)"]
[Black "Gradwohl Johann (AUT)"]
[Result "1-0"]
[WhiteElo "2290"]
[BlackElo "2092"]

1.e4 c5 2.Nf3 d6 3.d4 cxd4 4.Nxd4 Nf6 5.Nc3 Nc6 6.Bg5 e6 7.Qd2 a6 8.O-O-O Bd7
9.f4 h6 10.Bh4 g5 11.fxg5 Ng4 12.Nf3 Be7 13.Kb1 Nge5 14.Be2 b5 15.Rhf1 Nxf3
16.gxf3 hxg5 17.Bg3 Ne5 18.a3 Qc7 19.f4 gxf4 20.Bxf4 Rh7 21.Bg5 Bc6 22.h4
O-O-O 23.Qe3 Bxg5 24.Qxg5 Qb7 25.Rxd6 Rxd6 26.Qg8+ Rd8 27.Qxh7 b4 28.axb4 Qxb4
29.Bxa6+ Kb8 30.Qg7 Qa5 31.Bb5 {#r} 1-0

[Event "Ch Club"]
[Site "masterchessopen.com Helsinki (Finland)"]
[Round "2"]
[White "Lahtinen Markku (FIN)"]
[Black "Paakkonen Timo (FIN)"]
[Result "0-1"]
[WhiteElo "2277"]
[BlackElo "2277"]

1.e4 c5 2.Nf3 d6 3.d4 cxd4 4.Nxd4 Nf6 5.Nc3 Nc6 6.Bg5 e6 7.Qd2 a6 8.O-O-O Bd7
9.f4 b5 10.Bxb5 axb5 11.Ndxb5 Nb4 12.Nxd6+ Bxd6 13.Qxd6 Nxa2+ 14.Nxa2 Rxa2
15.Kb1 Qa8 16.b3 Ra1+ {#R} 0-1

[Event "?"]
[Site "masterchessopen.com Kaluga (Russia)"]
[Round "0"]
[White "Tarasov Igor (RUS)"]
[Black "Vilkov Vladimir (RUS)"]
[Result "1-0"]
[WhiteElo "2360"]
[BlackElo "2260"]

1.e4 c5 2.Nf3 d6 3.d4 cxd4 4.Nxd4 Nf6 5.Nc3 Nc6 6.Bg5 e6 7.Qd2 a6 8.O-O-O Bd7
9.f3 Be7 10.g4 Nxd4 11.Qxd4 Bc6 12.h4 Qa5 13.Kb1 O-O 14.Qd2 Kh8 15.h5 Rfd8
16.h6 g6 17.Bb5 Kg8 18.Bxc6 bxc6 19.Bxf6 {#r} 1-0

[Event "It (open)"]
[Site "masterchessopen.com Litomysl (Czech Republic)"]
[Round "7"]
[White "Blazkova Petra (CZE)"]
[Black "Vecera Pavel (CZE)"]
[Result "1-0"]
[WhiteElo "2215"]
[BlackElo "2203"]

1.e4 c5 2.Nf3 Nc6 3.d4 cxd4 4.Nxd4 Nf6 5.Nc3 d6 6.Bg5 e6 7.Qd2 a6 8.O-O-O Bd7
9.f4 Qc7 10.Nf3 Rc8 11.Bd3 Qa5 12.Kb1 Nb4 13.a3 Nxd3 14.Qxd3 Rxc3 15.bxc3 Nxe4
16.Qxe4 d5 17.Rxd5 Qb6+ 18.Ka2 Bc6 19.Rhd1 Bxd5+ 20.Rxd5 f6 21.Bh4 Be7 22.Qa4+
Kf7 23.Rd7 Re8 24.Nd4 Rc8 25.Qb4 Qxb4 26.cxb4 {#r} 1-0

[Event "It (cat.9)"]
[Site "masterchessopen.com Madras (India)"]
[Round "1"]
[White "Prasad Devaki V (IND)"]
[Black "Lovlu Saifuddi (BAN)"]
[Result "1-0"]
[WhiteElo "2470"]
[BlackElo "2179"]

1.e4 c5 2.Nf3 Nc6 3.d4 cxd4 4.Nxd4 Nf6 5.Nc3 d6 6.Bg5 e6 7.Qd2 a6 8.O-O-O Bd7
9.f4 b5 10.Bxf6 gxf6 11.Kb1 h5 12.Nxc6 Bxc6 13.Qe1 Be7 14.f5 Qc7 15.Bd3 O-O-O
16.Rf1 Kb8 17.g3 Bb7 18.Ne2 Bc8 19.Nf4 Rdg8 20.Be2 h4 21.gxh4 Qc5 22.h5 Qe5
23.fxe6 Bxe6 24.Qa5 Kb7 25.a4 Bd8 26.Qb4 {#r} 1-0

[Event "It (open)"]
[Site "masterchessopen.com Manresa (Spain)"]
[Round "8"]
[White "Korneev Oleg (RUS)"]
[Black "Campos Jose Felix (ARG)"]
[Result "1-0"]
[WhiteElo "2565"]
[BlackElo "2260"]

1.e4 c5 2.Nf3 Nc6 3.d4 cxd4 4.Nxd4 Nf6 5.Nc3 d6 6.Bg5 e6 7.Qd2 a6 8.O-O-O Bd7
9.f3 Rc8 10.Kb1 Be7 11.h4 O-O 12.g4 b5 13.Be3 Nxd4 14.Qxd4 Bc6 15.g5 Nd7
16.Qd2 Ne5 17.f4 b4 18.Nd5 exd5 19.exd5 Ba4 20.b3 Ng4 21.bxa4 Nxe3 22.Qxe3 Rc3
23.Bd3 Qd7 24.Rde1 Qxa4 25.Qe4 {#r} 1-0

[Event "It \"]
[Site "masterchessopen.com Monaco"]
[Round "8"]
[White "Shirov Alexei (ESP)"]
[Black "Ivanchuk Vassily (UKR)"]
[Result "1-0"]
[WhiteElo "2685"]
[BlackElo "2730"]

1.e4 c5 2.Nf3 d6 3.d4 cxd4 4.Nxd4 Nf6 5.Nc3 Nc6 6.Bg5 Bd7 7.Qd2 a6 8.O-O-O e6
9.f3 Be7 10.h4 b5 11.g4 Ne5 12.Bxf6 gxf6 13.Qh6 Rc8 14.f4 Bf8 15.Qh5 b4 16.Nd5
exd5 17.fxe5 fxe5 18.Bxa6 exd4 19.exd5 Bg7 20.Rde1+ Kf8 21.Rhf1 Be8 22.Rxe8+
Qxe8 23.Bxc8 f6 24.Qf5 Qe5 25.Qd7 d3 26.Qd8+ Kf7 27.Qc7+ Kf8 28.Be6 Qe3+
29.Kb1 dxc2+ 30.Qxc2 Qc5 31.Qe4 {#r} 1-0

[Event "It (open)"]
[Site "masterchessopen.com Mondariz (Spain)"]
[Round "0"]
[White "De La Villa Garcia Jesus M (ESP)"]
[Black "Estremera Panos Sergio (ESP)"]
[Result "0-1"]
[WhiteElo "2495"]
[BlackElo "2345"]

1.e4 c5 2.Nf3 d6 3.d4 cxd4 4.Nxd4 Nf6 5.Nc3 Nc6 6.Bg5 e6 7.Qd2 a6 8.O-O-O Bd7
9.f3 Rc8 10.Kb1 Be7 11.h4 O-O 12.g4 b5 13.Be3 Nxd4 14.Qxd4 Bc6 15.g5 Nd7
16.Bh3 b4 17.Ne2 Ne5 18.Bg2 Bb5 19.Ng3 Qc7 20.Rc1 Nc4 21.Bf2 Qa5 22.Bf1 b3
{#R} 0-1

[Event "Ch Netherlands (team) 1996/97"]
[Site "masterchessopen.com Netherlands"]
[Round "1"]
[White "Van Der Poel Henk (NED)"]
[Black "Van Der Poel Pieter (NED)"]
[Result "1-0"]
[WhiteElo "2320"]
[BlackElo "2144"]

1.e4 c5 2.Nf3 Nc6 3.d4 cxd4 4.Nxd4 Nf6 5.Nc3 d6 6.Bg5 e6 7.Qd2 a6 8.O-O-O Bd7
9.f4 h6 10.Bh4 g5 11.fxg5 Ng4 12.Nxc6 Bxc6 13.Be2 Ne5 14.g3 Be7 15.gxh6 Bxh4
16.gxh4 Qxh4 17.Qxd6 Qxh6+ 18.Kb1 Nd7 19.Qc7 Qh4 20.Rxd7 Bxd7 21.Qxb7 Qd8
22.Rd1 Rb8 23.Qa7 Ra8 24.Qd4 Rg8 25.h4 Qc7 26.h5 Rd8 27.h6 Qh2 28.Bxa6 e5
29.Qc5 Qxh6 30.Nd5 {#r} 1-0

[Event "Ch Yugoslavia (team) (1 liga)"]
[Site "masterchessopen.com Niksic (Yugoslavia)"]
[Round "1"]
[White "Dimitrov Vladimir (BUL)"]
[Black "Sherbakov Ruslan (RUS)"]
[Result "1-0"]
[WhiteElo "2530"]
[BlackElo "2555"]

1.e4 c5 2.Nf3 Nc6 3.d4 cxd4 4.Nxd4 Nf6 5.Nc3 d6 6.Bg5 e6 7.Qd2 a6 8.O-O-O Bd7
9.f3 Qc7 10.Kb1 Be7 11.h4 h5 12.Be2 Nxd4 13.Qxd4 b5 14.f4 e5 15.Qd3 b4 16.fxe5
bxc3 17.exf6 gxf6 18.Qd4 Rg8 19.Bxf6 cxb2 20.Bxe7 Kxe7 21.Bc4 Rxg2 22.e5 dxe5
23.Qd5 Rf8 24.Qxg2 Qxc4 25.Qb7 Qb5 26.Qc7 f6 27.Rhg1 {#r} 1-0

[Event "Ch Russia (club) (1 liga)"]
[Site "masterchessopen.com Orel (Russia)"]
[Round "5"]
[White "Berelovich Aleksandar (GER)"]
[Black "Filipenko Alexander V (RUS)"]
[Result "0-1"]
[WhiteElo "2500"]
[BlackElo "2430"]

1.e4 c5 2.Nf3 Nc6 3.d4 cxd4 4.Nxd4 Nf6 5.Nc3 d6 6.Bg5 e6 7.Qd2 a6 8.O-O-O Bd7
9.f4 b5 10.Bxf6 gxf6 11.Nxc6 Bxc6 12.Bd3 b4 13.Ne2 Qb6 14.Kb1 a5 15.f5 e5
16.Ng3 h5 17.Qe2 h4 18.Nh5 Ke7 19.g4 Bh6 20.Bc4 Rhd8 21.Bd5 Rac8 22.Rhe1 Bg5
23.Bxc6 Rxc6 24.Qd3 a4 25.Re2 Rdc8 26.a3 Rc3 27.Qxd6+ Qxd6 28.Rxd6 Kxd6
29.bxc3 bxc3 {#R} 0-1

[Event "It"]
[Site "masterchessopen.com Papanastasio (Greece)"]
[Round "0"]
[White "Anagnostopoulos Dimitri (GRE)"]
[Black "Delchev Aleksander (BUL)"]
[Result "1-0"]
[WhiteElo "2515"]
[BlackElo "2510"]

1.e4 c5 2.Nf3 Nc6 3.d4 cxd4 4.Nxd4 Nf6 5.Nc3 d6 6.Bg5 e6 7.Qd2 a6 8.O-O-O Bd7
9.f4 b5 10.Bxf6 gxf6 11.Nxc6 Bxc6 12.Bd3 Qb6 13.Qe1 O-O-O 14.Qh4 Be7 15.Kb1 h5
16.f5 Rdg8 17.Qh3 Bd7 18.Rhf1 Qc5 19.Ne2 h4 20.Nf4 Qe5 21.Rde1 Bd8 22.c3 Rg5
23.Bc2 exf5 24.Nd3 Qe6 25.exf5 Qd5 26.g4 Rgg8 27.Bb3 {#r} 1-0

[Event "It (open) \"]
[Site "masterchessopen.com Pardubice (Czech Republic)"]
[Round "9"]
[White "Trefny Vlastimil (CZE)"]
[Black "Kolesar Milan (SVK)"]
[Result "1-0"]
[WhiteElo "2325"]
[BlackElo "2240"]

1.e4 c5 2.Nf3 d6 3.d4 cxd4 4.Nxd4 Nf6 5.Nc3 Nc6 6.Bg5 e6 7.Qd2 a6 8.O-O-O Bd7
9.Bc4 h6 10.Nxc6 Bxc6 11.Bxf6 Qxf6 12.Rhe1 O-O-O 13.Re3 Rd7 14.Nd5 exd5
15.exd5 Bb5 16.Bxb5 axb5 17.Qa5 Qd8 18.Re8 Be7 19.Rxh8 {#r} 1-0

[Event "It (open) (juniors)"]
[Site "masterchessopen.com Plzen (Czech Republic)"]
[Round "2"]
[White "Brandt Silvio (GER)"]
[Black "Blazkova Petra (CZE)"]
[Result "1-0"]
[WhiteElo "2115"]
[BlackElo "2215"]

1.e4 c5 2.Nf3 d6 3.d4 cxd4 4.Nxd4 Nf6 5.Nc3 Nc6 6.Bg5 e6 7.Qd2 a6 8.O-O-O Bd7
9.f3 Be7 10.Bc4 Qa5 11.h4 O-O 12.Bb3 Rfd8 13.g4 b5 14.Be3 Ne5 15.h5 Rab8 16.g5
Ne8 17.g6 Nc4 18.gxf7+ Kxf7 19.Qf2 Rdc8 20.f4 Nxb2 21.f5 Nc4 22.fxe6+ Kg8
23.Qf7+ Kh8 24.Bxc4 Qa3+ 25.Kd2 Nf6 26.Qxe7 Qa5 27.h6 {#r} 1-0

[Event "It (open)"]
[Site "masterchessopen.com Portoroz (Slovenia)"]
[Round "0"]
[White "Palac Mladen (CRO)"]
[Black "Taggatz Mario (GER)"]
[Result "1-0"]
[WhiteElo "2540"]
[BlackElo "2303"]

1.e4 c5 2.Nf3 d6 3.d4 cxd4 4.Nxd4 Nf6 5.Nc3 Nc6 6.Bg5 e6 7.Qd2 a6 8.O-O-O Bd7
9.f3 Be7 10.h4 Nxd4 11.Qxd4 Qa5 12.Kb1 Bc6 13.g4 O-O 14.Qd2 Qc7 15.Be3 b5
16.g5 b4 17.Ne2 Nd7 18.Nd4 Bb7 19.h5 Nc5 20.Qxb4 d5 21.Qc3 e5 22.Nf5 d4
23.Bxd4 exd4 24.Rxd4 f6 25.b4 Rac8 26.Rc4 Na4 27.Qb3 Qd7 28.Rc7+ Bd5 29.Rxd7
Bxb3 30.Nxe7+ Kh8 31.axb3 {#r} 1-0

[Event "It (open)"]
[Site "masterchessopen.com Pula (Croatia)"]
[Round "0"]
[White "Kutuzovic Branko (CRO)"]
[Black "Kozul Zdenko (CRO)"]
[Result "0-1"]
[WhiteElo "2375"]
[BlackElo "2605"]

1.e4 c5 2.Nf3 d6 3.d4 cxd4 4.Nxd4 Nf6 5.Nc3 Nc6 6.Bg5 e6 7.Qd2 a6 8.O-O-O Bd7
9.f3 Rc8 10.Kb1 Be7 11.Be3 O-O 12.g4 Nxd4 13.Bxd4 Bc6 14.h4 b5 15.g5 Nd7 16.a3
Rb8 17.Bd3 a5 18.Ne2 b4 19.axb4 axb4 20.Nc1 Qa5 21.Nb3 Qa4 22.Qe2 Ne5 23.Bxe5
dxe5 24.Qh2 Ra8 25.Bc4 Rfc8 26.Kc1 Bb5 27.Bxb5 Qxb3 28.Bd3 Qc3 29.Kb1 Qc5
30.Qe2 Qa5 31.Kc1 b3 {#R} 0-1

[Event "It (open)"]
[Site "masterchessopen.com San Sebastian (Spain)"]
[Round "0"]
[White "Ros Eskisabel Jose Ramon (ESP)"]
[Black "Serras Uria Antonio (ESP)"]
[Result "0-1"]
[WhiteElo "2132"]
[BlackElo "2191"]

1.e4 c5 2.Nf3 Nc6 3.d4 cxd4 4.Nxd4 Nf6 5.Nc3 d6 6.Bg5 e6 7.Qd2 a6 8.O-O-O Bd7
9.f4 h6 10.Bh4 g5 11.fxg5 Ng4 12.Nf3 hxg5 13.Bg3 Be7 14.Kb1 Rc8 15.Be2 Nge5
16.Rhf1 b5 17.Bxb5 axb5 18.Nxb5 Nxf3 19.Rxf3 Ne5 20.Bxe5 dxe5 21.Rd3 Bxb5
22.Rxd8+ Rxd8 23.Qc1 Rxd1 24.Qxd1 Rxh2 25.c4 Bc6 26.Qb3 Bxe4+ 27.Kc1 f5
28.Qb8+ Kf7 29.Qxe5 Rxg2 30.Qd4 g4 {#R} 0-1

[Event "It (open)"]
[Site "masterchessopen.com Seefeld (Austria)"]
[Round "0"]
[White "Luther Thomas (GER)"]
[Black "Schnitzspan Lothar (GER)"]
[Result "1-0"]
[WhiteElo "2495"]
[BlackElo "2340"]

1.e4 c5 2.Nf3 d6 3.d4 cxd4 4.Nxd4 Nf6 5.Nc3 Nc6 6.Bg5 e6 7.Qd2 a6 8.O-O-O Bd7
9.f3 b5 10.Nxc6 Bxc6 11.Bd3 Be7 12.h4 d5 13.e5 Nd7 14.f4 h6 15.Bxe7 Qxe7
16.Ne2 Qc5 17.Kb1 O-O-O 18.Rh3 h5 19.Rg3 g6 20.Bxg6 fxg6 21.Nd4 Kb7 22.Rc3 Qb6
23.Rxc6 Qxc6 24.Nxc6 Kxc6 25.Qa5 {#r} 1-0

[Event "It (open)"]
[Site "masterchessopen.com Sentjur (Slovenia)"]
[Round "0"]
[White "Zecevic Dean (CRO)"]
[Black "Grosar Aljosa (SLO)"]
[Result "1-0"]
[WhiteElo "2320"]
[BlackElo "2485"]

1.e4 c5 2.Nf3 d6 3.d4 cxd4 4.Nxd4 Nf6 5.Nc3 Nc6 6.Bg5 e6 7.Qd2 a6 8.O-O-O Bd7
9.f4 b5 10.Bxf6 gxf6 11.Nxc6 Bxc6 12.Bd3 b4 13.Ne2 Qb6 14.Ng3 Qc5 15.Kb1 h5
16.Rhe1 a5 17.e5 fxe5 18.fxe5 Bh6 19.Qe2 Qxe5 20.Qf2 Qg5 21.h4 Qf4 22.Qb6 Rc8
23.Nf5 Kf8 24.g3 Qf3 25.Qd4 Rh7 26.Qxd6+ Kg8 27.Ne7+ Kh8 28.Nxc8 {#r} 1-0

[Event "It (open)"]
[Site "masterchessopen.com Velden (Austria)"]
[Round "2"]
[White "Podkriznik Gregor (SLO)"]
[Black "Titz Heimo (AUT)"]
[Result "0-1"]
[WhiteElo "2220"]
[BlackElo "2325"]

1.e4 c5 2.Nf3 Nc6 3.d4 cxd4 4.Nxd4 Nf6 5.Nc3 d6 6.Bg5 e6 7.Qd2 a6 8.O-O-O Bd7
9.f4 h6 10.Bxf6 Qxf6 11.Nf3 Qd8 12.Kb1 Qc7 13.h4 O-O-O 14.g3 Be7 15.Bh3 Kb8
16.Rhf1 Bc8 17.Ne2 Bf6 18.Nfd4 Nxd4 19.Nxd4 Bxd4 20.Qxd4 e5 21.Qe3 Bxh3 22.Rf2
Qc5 23.Qe1 exf4 {#R} 0-1

[Event "It (open)"]
[Site "masterchessopen.com Vendrell (Spain)"]
[Round "5"]
[White "Sutovsky Emil (ISR)"]
[Black "Estremera Panos Sergio (ESP)"]
[Result "1-0"]
[WhiteElo "2565"]
[BlackElo "2345"]

1.e4 c5 2.Nf3 d6 3.d4 cxd4 4.Nxd4 Nf6 5.Nc3 Nc6 6.Bg5 e6 7.Qd2 a6 8.O-O-O Bd7
9.f3 Rc8 10.g4 Be7 11.Be3 h6 12.h4 Nxd4 13.Qxd4 e5 14.Qd2 Qa5 15.Kb1 Be6
16.Rg1 Rxc3 17.Qxc3 Qxa2+ 18.Kc1 d5 19.Bc5 Bxc5 20.Qxc5 Qa1+ 21.Kd2 Qxb2
22.exd5 Nxd5 23.Bxa6 Nc7 24.Bd3 Qd4 25.Qxc7 Qf4+ 26.Ke2 Qh2+ 27.Kf1 Qh3+
28.Kf2 Qxh4+ 29.Kg2 {#r} 1-0

[Event "It (cat.17)"]
[Site "masterchessopen.com Wijk aan Zee (Netherlands)"]
[Round "12"]
[White "Tiviakov Sergei (NED)"]
[Black "Piket Jeroen (NED)"]
[Result "1-0"]
[WhiteElo "2615"]
[BlackElo "2580"]

1.e4 c5 2.Nf3 d6 3.d4 cxd4 4.Nxd4 Nf6 5.Nc3 Nc6 6.Bg5 e6 7.Qd2 a6 8.O-O-O Bd7
9.f4 h6 10.Bh4 Rc8 11.Nf3 Qa5 12.Kb1 b5 13.e5 b4 14.exf6 bxc3 15.fxg7 Rb8 { ?
} 16.b3 { ? } ( 16.gxh8=Q { ?? } 16...Rxb2+ 17.Kc1 Rb1+ 18.Kxb1 Qb4+ 19.Kc1
Qb2# { # } ) 16...cxd2 { ?! } ( 16...Nb4 17.gxf8=Q+ Rxf8 18.Qxc3 Rc8 (
18...Qxa2+ 19.Kc1 Rc8 20.Bc4 d5 21.Qxb4 { +?? } ) 19.Bc4 d5 20.Ne5 { +?? } ) (
16...Bxg7 17.Qxd6 Rb7 18.Ne5 Bxe5 19.fxe5 { ± } ) 17.gxh8=Q Nb4 18.a3 { ! +??
} ( 18.Qb2 { ? } 18...Bg7 19.Ne5 { ? } ( 19.c3 Bxc3 20.Qxc3 Qxa2# { # } )
19...dxe5 20.a3 Nd5 ) ( 18.a4 { ?! } 18...Nxc2 19.Kxc2 Rxb3 ) ( 18.Rxd2 { !? }
18...e5 ( 18...Qxa2+ 19.Kc1 e5 20.Kd1 { +?? } ) 19.a4 ( 19.c3 Nxa2 { ? } ) (
19.c4 Nxa2 { ? } ) ( 19.Kc1 Nxa2+ 20.Kd1 Nc3+ 21.Ke1 Qa1+ 22.Kf2 Ne4+ 23.Ke2 (
23.Ke3 exf4+ ) ( 23.Kg1 Nxd2 24.Nxd2 Qd4+ 25.Bf2 Qxd2 ) 23...Nc3+ { = } )
19...Nxc2 ( 19...Bxa4 20.Bc4 ) ( 19...Bf5 20.Bc4 ) 20.Kxc2 { ! } ( 20.Rxc2
Rxb3+ 21.Kc1 { ? } ( 21.Rb2 { ?? } 21...Bf5+ ) 21...Qb4 22.Nd2 Ra3 23.Kd1 Bg4+
24.Nf3 ( 24.Ke1 Ra1+ 25.Kf2 Qd4+ 26.Kg3 Qxf4# ) 24...Qb1+ 25.Kd2 ( 25.Rc1 Qb3+
) 25...Qb4+ 26.Ke2 Qe4+ 27.Kf2 Qxc2+ 28.Kg3 Bxf3 ) ) 18...Nd5 ( 18...Qxa3
19.Qa1 Nxc2 20.Qxa3 Nxa3+ 21.Ka2 ) ( 18...Nxc2 19.Kxc2 Rxb3 ( 19...e5 20.Bc4 (
20.Nxe5 { !? } ) ( 20.Rxd2 { !? } ) ( 20.Nxd2 { !? } ) 20...Bf5+ 21.Kb2 ) (
19...Qxa3 20.Qb2 ( 20.Bc4 { !? } ) ( 20.Nxd2 { !? } ) 20...Rc8+ 21.Kb1 )
20.Kxb3 ( 20.Bc4 { !? } 20...Rxa3 21.Nxd2 Ba4+ 22.Nb3 ) 20...Qa4+ ( 20...Ba4+
21.Ka2 ( 21.Kb2 Bxd1 ( 21...Qb6+ 22.Ka1 Bxd1 23.Bb5+ ) 22.Bc4 ( 22.Qd4 Bxf3
23.gxf3 Bg7 24.Qxg7 d1=Q ) 22...Bxf3 ( 22...d5 23.Rxd1 ) 23.gxf3 d5 24.Bb3
Qxa3+ 25.Kc2 ) 21...Qd5+ ( 21...Bxd1 22.Bb5+ Qxb5 23.Rxd1 Qc4+ 24.Kb2 ) 22.Ka1
Bxd1 23.Bb5+ ) ( 20...d5 21.Qb2 ) 21.Kb2 Qxd1 22.Qc3 { ! } ( 22.Bb5 { ?! }
22...Qxh1 23.Bxd7+ Kxd7 24.Nxd2 Qxg2 { ? } ) ( 22.Bc4 Qxh1 23.Nxd2 Qxg2 { ? }
) ( 22.Bd3 Qxh1 23.Nxd2 Qxg2 { ? } ) 22...Bg7 23.Ne5 Qh5 ( 23...dxe5 24.Bb5
Qxh1 25.Qc8# ) 24.Qxd2 dxe5 ( 24...Qxh4 25.Qxd6 ) 25.Bf2 exf4+ 26.Ka2 ) 19.Bf6
{ ! } ( 19.Rxd2 { !? } 19...Nc3+ 20.Kb2 d5 21.Be7 Na4+ 22.Kc1 Kxe7 23.bxa4 )
19...e5 ( 19...Qxa3 20.Rxd2 { !? } ( 20.Nxd2 ) ( 20.Bc4 ) ) 20.Bxe5 Bf5 21.Bc4
Ne3 ( 21...Qxa3 22.Rxd2 Rxb3+ 23.Bxb3 Qxb3+ 24.Bb2 ) 22.Bxd6 Kd7 ( 22...Bxc2+
23.Ka2 ) 23.Ne5+ Kxd6 24.Qf6+ Kc7 ( 24...Be6 25.Nxf7+ Kc7 26.Qxe6 ) ( 24...Kc5
25.Qc6+ Kd4 26.Nf3+ Kc3 27.Qf6+ ) 25.Qc6+ Kd8 26.Nxf7+ { } 1-0

[Event "Olympiad (w)"]
[Site "masterchessopen.com Yerevan (Armenia)"]
[Round "5"]
[White "Le Thi Phuong Lien (VIE)"]
[Black "Prudnikova Svetlana (SRB)"]
[Result "0-1"]
[WhiteElo "2169"]
[BlackElo "2385"]

1.e4 c5 2.Nf3 Nc6 3.d4 cxd4 4.Nxd4 Nf6 5.Nc3 d6 6.Bg5 e6 7.Qd2 a6 8.O-O-O Bd7
9.f4 b5 10.Nxc6 Bxc6 11.e5 dxe5 12.Qxd8+ Rxd8 13.Rxd8+ Kxd8 14.fxe5 h6 15.Bh4
g5 16.exf6 gxh4 17.Be2 Bxg2 18.Rd1+ Kc7 19.Bh5 Bd6 20.Bxf7 b4 21.Ne2 Rf8
22.Bxe6 Rxf6 23.Bd5 h3 24.c3 Rf2 25.Bc4 Bxh2 26.cxb4 Be5 27.Bxa6 h2 28.a4 Bf1
{#R} 0-1

[Event "It (open)"]
[Site "masterchessopen.com Antwerpen (Belgium)"]
[Round "3"]
[White "Dutreeuw Marc (BEL)"]
[Black "Nijboer Friso (NED)"]
[Result "0-1"]
[WhiteElo "2400"]
[BlackElo "2605"]

1.e4 c5 2.Nf3 Nc6 3.d4 cxd4 4.Nxd4 Nf6 5.Nc3 d6 6.Bg5 e6 7.Qd2 a6 8.O-O-O Bd7
9.f4 h6 10.Bh4 g5 11.fxg5 Ng4 12.Nf3 hxg5 13.Bxg5 f6 14.e5 fxg5 15.exd6 Qb6
16.Ne4 O-O-O 17.Bd3 Bh6 18.Rhe1 Nxh2 19.Nfxg5 Rdg8 20.Rh1 Qd8 {#R} 0-1

[Event "It (open)"]
[Site "masterchessopen.com Bad Zwesten (Germany)"]
[Round "2"]
[White "Luther Thomas (GER)"]
[Black "Jugow Alexander (GER)"]
[Result "1-0"]
[WhiteElo "2525"]
[BlackElo "2230"]

1.e4 c5 2.Nf3 Nc6 3.d4 cxd4 4.Nxd4 Nf6 5.Nc3 d6 6.Bg5 e6 7.Qd2 a6 8.O-O-O Bd7
9.f3 b5 10.Nxc6 Bxc6 11.Bd3 Be7 12.h4 Qa5 13.Kb1 h6 14.Be3 b4 15.Ne2 e5 16.g4
Nd7 17.Ng3 d5 18.Nf5 Bf8 19.exd5 Qxd5 20.Rhe1 g6 21.Nd4 Nc5 22.Nxc6 Nxd3
23.Nxe5 {#r} 1-0

[Event "It (open) (c)"]
[Site "masterchessopen.com Cairo (Egypt)"]
[Round "0"]
[White "Frhat Ali (EGY)"]
[Black "Aboudi M (JOR)"]
[Result "1-0"]
[WhiteElo "2245"]
[BlackElo "2192"]

1.e4 c5 2.Nf3 Nc6 3.d4 cxd4 4.Nxd4 Nf6 5.Nc3 d6 6.Bg5 e6 7.Qd2 a6 8.O-O-O Bd7
9.f4 b5 10.Nxc6 Bxc6 11.Qe1 Qa5 12.Kb1 Be7 13.a3 Rc8 14.Bd3 Bd8 15.Bh4 O-O
16.Bxf6 gxf6 17.Qh4 f5 18.Qh6 f6 19.exf5 e5 20.fxe5 dxe5 21.Rhe1 Rf7 22.Be4
Bxe4 23.Rxe4 Rc4 24.Rd3 Rg7 25.Qd2 Bb6 26.Rxc4 bxc4 27.Rd5 Bc5 28.Qe2 Qc7
29.Qxc4 {#r} 1-0

[Event "Match (team)"]
[Site "masterchessopen.com Canada"]
[Round "2"]
[White "Ferrar John"]
[Black "Ottosen David (CAN)"]
[Result "0-1"]
[WhiteElo "2300"]
[BlackElo "2133"]

1.e4 c5 2.Nf3 Nc6 3.d4 cxd4 4.Nxd4 Nf6 5.Nc3 d6 6.Bg5 e6 7.Qd2 a6 8.O-O-O Bd7
9.f4 b5 10.a3 Qb6 11.Nb3 Rc8 12.Be2 b4 13.axb4 Nxb4 14.Bf3 a5 15.Qd4 Qc7
16.Rd2 e5 17.Qf2 a4 18.Na1 a3 19.Nd1 axb2+ 20.Kxb2 Qa5 21.Nc3 Ra8 22.Nb3 Qa3+
23.Kb1 Be6 24.Nd5 Nfxd5 25.exd5 Bf5 26.Qe3 Nxc2 27.Rxc2 Qa2+ {#R} 0-1

[Event "It (cat.8)"]
[Site "masterchessopen.com Cherepovets (Russia)"]
[Round "1"]
[White "Panikarovsky A (RUS)"]
[Black "Lutsko Igor (BLR)"]
[Result "0-1"]
[WhiteElo "2409"]
[BlackElo "2440"]

1.e4 c5 2.Nf3 d6 3.d4 cxd4 4.Nxd4 Nf6 5.Nc3 Nc6 6.Bg5 e6 7.Qd2 a6 8.O-O-O Bd7
9.Be2 h6 10.Bh4 Nxe4 11.Nxe4 Qxh4 12.Nxc6 Bxc6 13.Nxd6+ Bxd6 14.Qxd6 Qe7
15.Qxe7+ Kxe7 16.Rhg1 Rhd8 17.Rxd8 Rxd8 18.g3 g5 19.f4 f6 20.fxg5 hxg5 21.Rd1
Rh8 22.h4 gxh4 23.gxh4 Rxh4 24.Kd2 f5 25.Rg1 Kf6 {#R} 0-1